000 00696nam a2200205 i 4500
001 35292
003 ES-MaACL
005 20230906155110.0
007 t|
008 030212s1965 sp ||||1| spa d
100 1 _aBottomore, Thomas B.
_930808
245 1 0 _aMinorías selectas y sociedad /
_cThomas B. Bottomore ; [versión española de José María Carreño].
260 _aMadrid :
_bGredos,
_c[1965]
300 _a201 p. ;
_c19 cm.
490 1 _aBiblioteca universitaria Gredos. II. Ensayos ;
_v1
700 1 _aCarreño, José María.
_935618
830 0 _aBiblioteca universitaria Gredos. II. Ensayos ;
_v1
_9181317
852 _aES-MaACL
_jC-28520
_bR.57494
999 _c35292
_d35292